Prichádza doba dronová

Neobmedzené možnosti využitia dronov vo svete biznisu. Súčasť armádnej výzbroje. Monitorovanie lesných požiarov, rozvoz liekov a potravín do oblastí zasiahnutých prírodnou katastrofou. Využitie bezpilotných lietadiel na komerčné účely v USA zatiaľ protizákonné. Pripravovaný projekt, ktorý vytvorí pr...

Descrizione completa

Salvato in:
Dettagli Bibliografici
Autore principale: Biel, Marián
Natura: Capitolo di libro
Lingua:slovacco
Soggetti:
Tags: Aggiungi Tag
Nessun Tag, puoi essere il primo ad aggiungerne!!

MARC

LEADER 00000naa a2200000 4500
001 0196377
005 20251204131238.5
041 0 |a slo 
044 |a SK 
245 1 0 |a Prichádza doba dronová  |c Marián Biel 
520 |a Neobmedzené možnosti využitia dronov vo svete biznisu. Súčasť armádnej výzbroje. Monitorovanie lesných požiarov, rozvoz liekov a potravín do oblastí zasiahnutých prírodnou katastrofou. Využitie bezpilotných lietadiel na komerčné účely v USA zatiaľ protizákonné. Pripravovaný projekt, ktorý vytvorí pravidlá na softvérovej úrovni. 
610 2 0 |a lietadlá 
610 2 0 |a drony 
610 2 0 |a podnikanie 
610 2 0 |a roboty 
610 2 0 |a technológie nové 
610 2 0 |a softvér 
610 2 0 |a regulácia 
100 1 |a Biel, Marián